Kraje sawanny afrykańskiej - nagła śmierć - Statystyki

Ogólne statystyki
  • Ten quiz został rozwiązany 25 razy
  • Średni wynik to 2 z 12
Answers on the Grid
Answers color-coded by a green-red scale on the quiz's grid according to % correct below.
Tanzania
RPA
Kongo
Gabon
Kamerun
Namibia
Kenia
RŚA
Czad
Kongo
Lesotho
Sudan
Botswana
Burundi
Zimbabwe
Sierra Leone
Nigeria
Angola
Rwanda
Ekwatorialna
Gwinea
 
Statystyki odpowiedzi
Odpowiedź % Poprawnych
RPA
64%
Tanzania
64%
Kenia
57%
Angola
14%
Botswana
7%
Kamerun
7%
RŚA
7%
Sudan
7%
Zimbabwe
7%
Ekwatorialna
Gwinea
0%
Kongo
0%
Nigeria
0%
Nie znaleziono quizów pasujących do podanych kryteriów
Rozkład punktacji
Procent ludzi z każdym wynikiem
Percentyl według liczby udzielonych odpowiedzi
Twoja historia wyników
Nie rozwiązałeś tego quizu